00604nam a2200205Ia 4500003000900000008004100009020001800050040001600068080001600084100001400100245007800114260003800192300002300230490004400253650002400297650002400321650001900345650002300364650001100387IN-BaIIA211028s9999 xx 000 0 eng d a0-471-40815-8 cIIA Library a535bLIZ-II aLizuka, K 0aElements of photonicsbvol. 2, for fibre and integrated opticscK. Lizuka aNew YorkbJohn Wiley & Sonsc2002 axxviii, 605-1197p. aWiley series in pure and applied optics aAnistropic crystals aBoundary conditions aFourier optics aOptical properties aOptics